000 00779cac a22002051u 4500
008 081102t1982 nyj|||||r|||| 001 0 eng d
010 _a81021191
020 _a0131657046 (pbk.) :
082 0 0 _a001.64
_bGOL
_222
100 _aGoldschlager, L.,
_d1951-
_933538
245 1 0 _aComputer science :
_ba modern introduction /
_cL. Goldschlager and A. Lister.
260 _aEnglewood Cliffs, N.J. :
_bPrentice/Hall International,
_cc1982.
300 _axii, 303 p. :
_bill. ;
_c23 cm.
440 0 _aPrentice-Hall International series in computer science
_921148
500 _aDonations - Dr. Mostafa Gouda
504 _aIncludes bibliographies and index.
650 0 _aComputer science.
_933539
700 1 _aLister, A.
_q(Andrew),
_d1945-
_933540
942 _cBB
_k001.64GOL
_2ddc
999 _c1848
_d1848